Loading...
| Current Events | 5 | 12.00 | 100% | 20% | 0% |
| Fine Arts - Classical Music | 5 | 22.00 | 100% | 100% | 20% |
| Fine Arts - Other | 13 | 14.62 | 92% | 54% | 0% |
| Fine Arts - Painting and Sculpture | 6 | 15.00 | 100% | 50% | 0% |
| Geography | 5 | 12.00 | 100% | 20% | 0% |
| History - American | 3 | 13.33 | 100% | 33% | 0% |
| History - European | 6 | 15.00 | 83% | 33% | 33% |
| History - Other | 6 | 15.00 | 83% | 50% | 17% |
| History - World | 8 | 16.25 | 100% | 38% | 25% |
| Literature - Drama | 1 | 20.00 | 100% | 0% | 100% |
| Literature - Long Fiction | 8 | 20.00 | 100% | 75% | 25% |
| Literature - Misc | 1 | 20.00 | 100% | 100% | 0% |
| Literature - Poetry | 6 | 20.00 | 100% | 83% | 17% |
| Literature - Short Fiction | 1 | 20.00 | 100% | 100% | 0% |
| Mythology | 6 | 16.67 | 100% | 50% | 17% |
| Other Academic | 4 | 17.50 | 100% | 75% | 0% |
| Philosophy | 5 | 18.00 | 80% | 60% | 40% |
| Religion | 6 | 16.67 | 100% | 50% | 17% |
| Science - Biology | 7 | 15.71 | 100% | 57% | 0% |
| Science - Chemistry | 6 | 16.67 | 100% | 50% | 17% |
| Science - Other | 7 | 14.29 | 100% | 43% | 0% |
| Science - Physics | 3 | 13.33 | 100% | 33% | 0% |
| Short Fiction and Other | 2 | 15.00 | 100% | 50% | 0% |
| Social Science | 7 | 14.29 | 86% | 57% | 0% |